[Event "15PCR_PF5"]
[Site "?"]
[Date "2004.??.??"]
[Round "?"]
[White "Trs, Jan"]
[Black "Bernard, Roman"]
[Result "1-0"]
[WhiteElo "2145"]
[BlackElo "2000"]
[PlyCount "27"]
[EventDate "2004.??.??"]
[SourceDate "2005.03.08"]

1. c4 e5 2. g3 Bc5 3. Nc3 Nf6 4. Bg2 c6 5. e3 O-O 6. Nge2 Be7 7. d4 d6 8. O-O
Nbd7 9. b3 Re8 10. d5 cxd5 11. Nxd5 Nxd5 12. Bxd5 e4 13. Bb2 Bf6 14. Bd4 {
Bernard vystoupil!} 1-0

[Event "15PCR_PF5"]
[Site "?"]
[Date "2004.??.??"]
[Round "?"]
[White "Trs, Jan"]
[Black "Jakimic, Viktor"]
[Result "1/2-1/2"]
[WhiteElo "2145"]
[BlackElo "2110"]
[PlyCount "44"]
[EventDate "2004.??.??"]
[SourceDate "2005.03.08"]

1. c4 e5 2. g3 Nf6 3. Nc3 c6 4. Nf3 e4 5. Nd4 d5 6. cxd5 cxd5 7. d3 Bc5 8. Nb3
Bb4 9. a3 Bxc3+ 10. bxc3 O-O 11. Bg2 Nc6 12. O-O Re8 13. Bg5 h6 14. Be3 Bf5 15.
Nd4 Bg6 16. Qd2 Ne5 17. Bf4 Qd7 18. a4 exd3 19. Bxe5 Rxe5 20. exd3 Rae8 21.
Rfb1 Bf5 22. a5 Qc8 1/2-1/2

[Event "15PCR_PF5"]
[Site "?"]
[Date "2004.??.??"]
[Round "?"]
[White "Trs, Jan"]
[Black "Kuta, Jiri"]
[Result "1/2-1/2"]
[WhiteElo "2145"]
[BlackElo "2322"]
[PlyCount "104"]
[EventDate "2004.??.??"]
[SourceDate "2005.03.08"]

1. d4 Nf6 2. c4 c5 3. d5 b5 4. cxb5 a6 5. bxa6 g6 6. Nc3 Bxa6 7. e4 Bxf1 8.
Kxf1 d6 9. Nge2 Bg7 10. h3 Nbd7 11. Kg1 O-O 12. Kh2 Qb6 13. Qc2 Rfb8 14. b3 e6
15. dxe6 fxe6 16. Rd1 d5 17. exd5 exd5 18. Nf4 d4 19. Na4 Qb5 20. Nb2 Re8 21.
Nc4 Ne4 22. Nd3 Nc3 23. Nd6 Qb8 24. Bf4 Re2 25. Rd2 Re6 26. b4 Rxd6 27. bxc5
Nxc5 28. Nxc5 Qf8 29. Qb3+ Rd5 30. Nd3 Kh8 31. Re1 Rda5 32. Bg3 Rxa2 33. Qe6
R2a6 34. Qd7 R6a7 35. Qg4 Qf5 36. Ne5 Qxg4 37. hxg4 Ra4 38. Rd3 Kg8 39. g5 Re8
40. f4 Rb8 41. Bf2 Ra2 42. Bxd4 Ne2 43. Nd7 Nxf4 44. Bxg7 Kxg7 45. Re7+ Kh8 46.
Kg3 Re2 47. Rf7 Nh5+ 48. Kh3 Rb1 49. g3 Rh1+ 50. Kg4 Re4+ 51. Kf3 Rf1+ 52. Kxe4
Rxf7 1/2-1/2

[Event "15PCR_PF5"]
[Site "?"]
[Date "2004.??.??"]
[Round "?"]
[White "Trs, Jan"]
[Black "Necesany, Zdenek"]
[Result "1/2-1/2"]
[WhiteElo "2145"]
[BlackElo "2208"]
[PlyCount "116"]
[EventDate "2004.??.??"]
[SourceDate "2005.03.08"]

1. e4 c5 2. Nf3 Nc6 3. d4 cxd4 4. Nxd4 Nf6 5. Nc3 e5 6. Ndb5 d6 7. Bg5 a6 8.
Na3 b5 9. Nd5 Be7 10. Bxf6 Bxf6 11. c3 O-O 12. Nc2 Bg5 13. a4 bxa4 14. Rxa4 a5
15. Bc4 Rb8 16. b3 Kh8 17. Nce3 g6 18. O-O f5 19. Qf3 fxe4 20. Qxe4 Be6 21. Rd1
Qc8 22. h3 Qd7 23. Qd3 Rf7 24. Nf1 Rbf8 25. Ra2 Nd8 26. Nde3 Nb7 27. Bxe6 Qxe6
28. Qc4 Qd7 29. Nd5 Nc5 30. b4 axb4 31. cxb4 Ne6 32. Ng3 Nd4 33. Ne4 Bh4 34.
Ne3 Rf4 35. f3 Bd8 36. Nd5 Nxf3+ 37. gxf3 Rxf3 38. Rh2 Rxh3 39. Qe2 Ra3 40. Kg2
Ra2 41. Rd2 Rxd2 42. Nxd2 Qa7 43. Rh3 Qa2 44. Nc3 Qb2 45. b5 Rf4 46. Rd3 Bb6
47. Nf3 Rg4+ 48. Kh3 Qxe2 49. Nxe2 Rb4 50. Rxd6 Rxb5 51. Ng3 Be3 52. Ne4 Rb7
53. Re6 Bf4 54. Nxe5 Bxe5 55. Rxe5 Kg7 56. Kg4 Rd7 57. Ra5 h6 58. Rb5 Re7
1/2-1/2

[Event "15PCR_PF5"]
[Site "?"]
[Date "2004.??.??"]
[Round "?"]
[White "Trs, Jan"]
[Black "Valenta, Josef"]
[Result "1-0"]
[WhiteElo "2145"]
[BlackElo "2110"]
[PlyCount "81"]
[EventDate "2004.??.??"]
[SourceDate "2005.03.08"]

1. d4 Nf6 2. c4 e6 3. Nf3 d5 4. Nc3 c6 5. e3 Nbd7 6. Bd3 Bd6 7. O-O dxc4 8.
Bxc4 O-O 9. e4 e5 10. Bg5 Qe7 11. d5 Re8 12. dxc6 bxc6 13. Qc2 h6 14. Bh4 Nb6
15. Bb3 Bg4 16. Nd1 Rad8 17. Ne3 Bd7 18. Rac1 c5 19. Nd2 Be6 20. Rfd1 Rd7 21.
a4 Bxb3 22. Qxb3 g5 23. Bg3 Bc7 24. a5 Nc8 25. f3 Nd6 26. Qa2 Nb5 27. Qc4 Nd4
28. Nb3 Bd6 29. Nxd4 cxd4 30. Nf5 Qf8 31. Qa6 Nh5 32. Qb5 Rdd8 33. Rc6 Re6 34.
Qa6 Nxg3 35. hxg3 Rg6 36. Kh1 Rf6 37. Qxa7 Re6 38. Qb6 Kh7 39. Rdc1 Rb8 40. Qa6
Rd8 41. Rb6 1-0

[Event "15PCR_PF5"]
[Site "?"]
[Date "2004.??.??"]
[Round "?"]
[White "Valenta, Josef"]
[Black "Bernard, Roman"]
[Result "1-0"]
[WhiteElo "2110"]
[BlackElo "2000"]
[PlyCount "27"]
[EventDate "2004.??.??"]
[SourceDate "2005.03.08"]

1. d4 Nf6 2. c4 e6 3. Nc3 d5 4. cxd5 exd5 5. Bg5 c6 6. Qc2 Bg4 7. h3 Be6 8. Rc1
Bd6 9. Qb3 b6 10. g3 O-O 11. Bg2 h6 12. Bxf6 Qxf6 13. Nf3 Re8 14. O-O {
Bernard vystoupil!} 1-0

[Event "15PCR_PF5"]
[Site "?"]
[Date "2004.??.??"]
[Round "?"]
[White "Valenta, Josef"]
[Black "Jakimic, Viktor"]
[Result "1/2-1/2"]
[WhiteElo "2110"]
[BlackElo "2110"]
[PlyCount "102"]
[EventDate "2004.??.??"]
[SourceDate "2005.03.08"]

1. d4 d5 2. c4 c6 3. cxd5 cxd5 4. Nc3 Nf6 5. Bg5 e6 6. e3 Nc6 7. Nf3 Be7 8. Bd3
h6 9. Bh4 O-O 10. O-O Ne4 11. Bxe7 Nxc3 12. Bxd8 Nxd1 13. Rfxd1 Rxd8 14. Rac1
f6 15. a3 e5 16. Be2 e4 17. Nd2 Bf5 18. Rc5 Rac8 19. Rdc1 Kf7 20. b4 Ne7 21.
Nb3 b6 22. Rc7 Rxc7 23. Rxc7 Rd7 24. Rc1 Rd8 25. Ba6 g5 26. Rc7 Rd7 27. Rc3 Ke6
28. Kf1 h5 29. h3 h4 30. Rc1 Kd6 31. Ke1 Rc7 32. Kd2 Bd7 33. Rxc7 Kxc7 34. Nc1
f5 35. Bf1 f4 36. Na2 f3 37. g3 hxg3 38. fxg3 Nf5 39. g4 Ng3 40. Ke1 Nxf1 41.
Kxf1 Bb5+ 42. Kg1 Kc6 43. Nc3 Bc4 44. a4 a5 45. b5+ Kd6 46. Kf2 Bb3 47. Ke1 Ke6
48. Kf1 Bc2 49. Kg1 Bd3 50. Na2 Bc4 51. Nc3 Kf6 1/2-1/2

[Event "15PCR_PF5"]
[Site "?"]
[Date "2004.??.??"]
[Round "?"]
[White "Valenta, Josef"]
[Black "Kuta, Jiri"]
[Result "0-1"]
[WhiteElo "2110"]
[BlackElo "2322"]
[PlyCount "52"]
[EventDate "2004.??.??"]
[SourceDate "2005.03.08"]

1. d4 Nf6 2. c4 g6 3. Nc3 Bg7 4. e4 d6 5. Bg5 O-O 6. Nf3 h6 7. Bh4 Nbd7 8. Bd3
e5 9. dxe5 Nxe5 10. Nxe5 dxe5 11. h3 c6 12. Qf3 Qb6 13. O-O-O Nd7 14. Be2 Nc5
15. Bf6 Ne6 16. Bxg7 Kxg7 17. Qg3 Nf4 18. b3 a5 19. Rd2 Qb4 20. Rhd1 Be6 21.
Bg4 Bxg4 22. hxg4 b5 23. cxb5 a4 24. bxa4 cxb5 25. Rb2 Qc4 26. Kb1 Rfd8 0-1

[Event "15PCR_PF5"]
[Site "?"]
[Date "2004.??.??"]
[Round "?"]
[White "Valenta, Josef"]
[Black "Necesany, Zdenek"]
[Result "0-1"]
[WhiteElo "2110"]
[BlackElo "2208"]
[PlyCount "104"]
[EventDate "2004.??.??"]
[SourceDate "2005.03.08"]

1. d4 d5 2. c4 dxc4 3. e4 Nc6 4. d5 Ne5 5. Qd4 Nd3+ 6. Bxd3 cxd3 7. Nf3 e6 8.
Bg5 f6 9. Be3 exd5 10. exd5 Ne7 11. Nc3 c6 12. Qxd3 Nxd5 13. O-O-O Bb4 14. Nxd5
Qxd5 15. Qxd5 cxd5 16. a3 Be7 17. Rxd5 b6 18. Rhd1 Bg4 19. R1d3 Be6 20. R5d4
Kf7 21. Rf4 Rhc8+ 22. Kd1 Ba2 23. Rfd4 Bc4 24. Rd2 g5 25. h4 h6 26. Rd7 Bb5 27.
R7d4 Bc6 28. hxg5 hxg5 29. Ne1 Rc7 30. f3 Re8 31. Nc2 f5 32. R4d3 Rh8 33. Nd4
f4 34. Nxc6 Rh1+ 35. Ke2 Rxc6 36. Bd4 Re6+ 37. Kf2 Ree1 38. g3 fxg3+ 39. Kxg3
Bd6+ 40. Kf2 Rb1 41. Ke3 Bf4+ 42. Ke4 Bxd2 43. Rxd2 Ke6 44. Bf2 Rh2 45. f4 g4
46. f5+ Kf7 47. Rc2 Rf1 48. Rc7+ Ke8 49. Bd4 Re2+ 50. Kd3 Re7 51. Rc8+ Kf7 52.
Rh8 Rxf5 0-1

[Event "15PCR_PF5"]
[Site "?"]
[Date "2004.??.??"]
[Round "?"]
[White "Valenta, Josef"]
[Black "Postl, Rostislav"]
[Result "0-1"]
[WhiteElo "2110"]
[BlackElo "2309"]
[PlyCount "60"]
[EventDate "2004.??.??"]
[SourceDate "2005.03.08"]

1. d4 d5 2. c4 e6 3. cxd5 exd5 4. Nc3 Nf6 5. Bg5 c6 6. Qc2 h6 7. Bh4 Na6 8. Nf3
Be7 9. Rc1 Nb4 10. Qa4 Ng4 11. Bxe7 Qxe7 12. e3 O-O 13. h3 Nxe3 14. fxe3 Qxe3+
15. Kd1 a5 16. Qa3 Bf5 17. Nb1 Qf2 18. Nbd2 Rae8 19. Qxa5 Nd3 20. Bxd3 Bxd3 21.
Rc5 Qxg2 22. Rh2 Qg3 23. b3 Qf4 24. Rg2 Re3 25. Rg4 Qf5 26. Kc1 b6 27. Qxb6
Rxf3 28. Qxc6 Rxh3 29. Rg2 Bf1 30. Rg1 Bc4 0-1

[Event "15PCR_PF5"]
[Site "?"]
[Date "2004.??.??"]
[Round "?"]
[White "Valenta, Josef"]
[Black "Rychtecky, Pavel"]
[Result "0-1"]
[WhiteElo "2110"]
[BlackElo "2201"]
[PlyCount "60"]
[EventDate "2004.??.??"]
[SourceDate "2005.03.08"]

1. d4 d5 2. c4 e6 3. cxd5 exd5 4. Nc3 Nf6 5. Bg5 Nbd7 6. Nf3 c6 7. e3 Qa5 8.
Bd3 Ne4 9. Qc2 Nxg5 10. Nxg5 h6 11. Nh3 Bd6 12. O-O Qc7 13. g3 Nf6 14. Nf4 O-O
15. Rac1 Bxf4 16. exf4 Qb6 17. Qd2 Kh8 18. Bb1 Bg4 19. f3 Bh3 20. Rfd1 Rae8 21.
g4 Qc7 22. Re1 Qd6 23. Bc2 Kg8 24. Re5 h5 25. gxh5 Nd7 26. Rg5 Qh6 27. Nd1 Nf6
28. Nf2 Bc8 29. Kh1 Re7 30. Rcg1 Rfe8 0-1

[Event "15PCR_PF5"]
[Site "?"]
[Date "2004.??.??"]
[Round "?"]
[White "Valenta, Josef"]
[Black "Trs, Jan"]
[Result "0-1"]
[WhiteElo "2110"]
[BlackElo "2145"]
[PlyCount "78"]
[EventDate "2004.??.??"]
[SourceDate "2005.03.08"]

1. d4 Nf6 2. c4 g6 3. Nc3 Bg7 4. e4 d6 5. Nf3 O-O 6. Bd3 Bg4 7. Be3 Nfd7 8. O-O
c5 9. Be2 Nc6 10. d5 Bxf3 11. Bxf3 Nd4 12. Rb1 e5 13. Be2 f5 14. exf5 gxf5 15.
f3 Qf6 16. Bd3 Bh6 17. Bf2 Rf7 18. Ne2 Qg6 19. Nxd4 cxd4 20. Re1 Raf8 21. b4
Nf6 22. Bf1 Rg7 23. a4 Bf4 24. Rb2 Qh6 25. g3 Be3 26. Bxe3 dxe3 27. Rg2 Kh8 28.
c5 f4 29. cxd6 Rfg8 30. g4 Nd7 31. Be2 Qxd6 32. Qb3 Nf6 33. Rd1 h5 34. h3 Nh7
35. Rh2 e4 36. Qc3 Ng5 37. fxe4 f3 38. Qxe3 fxe2 39. Rxe2 Re8 0-1

[Event "15PCR_PF5"]
[Site "?"]
[Date "2004.??.??"]
[Round "?"]
[White "Trs, Jan"]
[Black "Postl, Rostislav"]
[Result "0-1"]
[WhiteElo "2145"]
[BlackElo "2309"]
[PlyCount "128"]
[EventDate "2004.??.??"]
[SourceDate "2005.03.08"]

1. c4 Nf6 2. d4 e6 3. Nc3 Bb4 4. Qc2 O-O 5. a3 Bxc3+ 6. Qxc3 Ne4 7. Qc2 d5 8.
e3 b6 9. Bd3 Ba6 10. Ne2 Nd7 11. O-O c5 12. b3 Qh4 13. g3 Qe7 14. Bxe4 dxe4 15.
Qxe4 Rab8 16. Nc3 f5 17. Qf3 Bb7 18. Qe2 f4 19. exf4 cxd4 20. Nb5 e5 21. Nxd4
Rbe8 22. fxe5 Nxe5 23. f4 Nf3+ 24. Rxf3 Qxe2 25. Nxe2 Bxf3 26. Nd4 Bg4 27. Bd2
Re4 28. Nc6 Re2 29. Be1 g5 30. Bb4 Rfe8 31. Ne5 Bh3 32. Re1 Rg2+ 33. Kh1 Rb2
34. Kg1 h6 35. Ra1 Rd8 36. Be1 Rxb3 37. a4 gxf4 38. gxf4 Rd4 39. Bg3 Rd2 40.
Be1 Rg2+ 41. Kh1 Rgb2 42. Kg1 Rg2+ 43. Kh1 Rbb2 44. Bg3 h5 45. Ng6 Kg7 46. Nh4
Ra2 47. Rxa2 Rxa2 48. Kg1 Rxa4 49. Kf2 Rxc4 50. Nf3 a5 51. Bh4 Rc2+ 52. Ke3 a4
53. Nd4 Rxh2 54. Bd8 a3 55. Bxb6 Rb2 56. Ba5 Kg8 57. Bc3 Bg4 58. Kd3 Rb6 59.
Ke3 h4 60. f5 h3 61. Kf2 Rb2+ 62. Kg1 h2+ 63. Kh1 Bh5 64. f6 Kf7 0-1

[Event "15PCR_PF5"]
[Site "?"]
[Date "2004.??.??"]
[Round "?"]
[White "Kuta, Jiri"]
[Black "Trs, Jan"]
[Result "1-0"]
[WhiteElo "2322"]
[BlackElo "2201"]
[PlyCount "133"]
[EventDate "2004.??.??"]
[SourceDate "2005.03.08"]

1. e4 c6 2. d4 d5 3. e5 Bf5 4. Nf3 e6 5. a3 Ne7 6. Nbd2 Nd7 7. Nh4 c5 8. c3 a6
9. Nxf5 Nxf5 10. Nf3 Rc8 11. Bd3 cxd4 12. Bxf5 exf5 13. Qxd4 Nc5 14. Bg5 Qb6
15. O-O h6 16. Bc1 Be7 17. Qxd5 Rd8 18. Qc4 Qb3 19. Qe2 Qd5 20. Nd4 Qe4 21. Qd1
Qxe5 22. Re1 Qf6 23. Qf3 Rd7 24. Bf4 Ne4 25. Qh3 g6 26. Re2 Kd8 27. f3 Bd6 28.
fxe4 Bxf4 29. exf5 g5 30. Rae1 Kc8 31. Qf3 Kb8 32. Qd3 Bc7 33. Re8+ Rxe8 34.
Rxe8+ Rd8 35. Qe4 Rxe8 36. Qxe8+ Ka7 37. Qe4 h5 38. h3 Qd6 39. Kf2 Qg3+ 40. Ke2
h4 41. Qf3 Qh2 42. Kd3 Qd6 43. Qe3 Qd8 44. Kc2 Bb6 45. Qe4 Kb8 46. Nf3 Bc7 47.
Ne1 Ka8 48. Nd3 Bd6 49. c4 Kb8 50. c5 Bh2 51. c6 Qc8 52. Ne5 Bxe5 53. Qxe5+ Ka7
54. Qc5+ Kb8 55. Qd6+ Ka7 56. Qd7 Qxc6+ 57. Qxc6 bxc6 58. Kd3 f6 59. Kc4 Kb6
60. b4 Kb7 61. Kc5 Kc7 62. a4 Kb7 63. Kd6 Kb6 64. Ke6 a5 65. bxa5+ Kxa5 66.
Kxf6 c5 67. Ke5 1-0

[Event "15PCR_PF5"]
[Site "?"]
[Date "2004.??.??"]
[Round "?"]
[White "Rychtecky, Pavel"]
[Black "Kuta, Jiri"]
[Result "1/2-1/2"]
[WhiteElo "2201"]
[BlackElo "2322"]
[PlyCount "100"]
[EventDate "2004.??.??"]
[SourceDate "2005.03.08"]

1. e4 c5 2. Nf3 Nc6 3. d4 cxd4 4. Nxd4 Nf6 5. Nc3 e5 6. Ndb5 d6 7. Bg5 a6 8.
Na3 b5 9. Bxf6 gxf6 10. Nd5 f5 11. Bd3 Be6 12. O-O Bxd5 13. exd5 Ne7 14. Nxb5
Bg7 15. Nc3 e4 16. Bc4 Bxc3 17. bxc3 Ng6 18. Qd4 Rg8 19. Kh1 Qg5 20. Rg1 Ne5
21. Be2 Nd7 22. g3 Nc5 23. Rab1 Ke7 24. f4 Qh6 25. Rb6 Rac8 26. Bxa6 Nxa6 27.
Rxa6 Qh5 28. Qa7+ Kf8 29. Qf2 Rg6 30. Re1 Qh3 31. Rb6 h5 32. Rb3 h4 33. gxh4
Rc4 34. Re3 Qg4 35. Rg3 Qd1+ 36. Qg1 Qxg1+ 37. Kxg1 Rc5 38. h5 Rh6 39. c4 Rxh5
40. a4 Rh4 41. Rb4 Ke7 42. Ra3 Rc8 43. a5 Rch8 44. h3 Rg8+ 45. Kh1 Rxf4 46. Rb1
Rf2 47. Rg1 Rh8 48. a6 f4 49. Rg2 Rf1+ 50. Rg1 Rf2 1/2-1/2

[Event "15PCR_PF5"]
[Site "?"]
[Date "2004.??.??"]
[Round "?"]
[White "Jakimic, Viktor"]
[Black "Rychtecky, Pavel"]
[Result "1-0"]
[WhiteElo "2110"]
[BlackElo "2201"]
[PlyCount "93"]
[EventDate "2004.??.??"]
[SourceDate "2005.03.08"]

1. d4 Nf6 2. c4 e6 3. Nf3 b6 4. e3 Bb7 5. Nc3 d5 6. cxd5 exd5 7. Bd3 Be7 8. a3
O-O 9. b4 Nbd7 10. Bb2 c5 11. dxc5 bxc5 12. bxc5 Nxc5 13. Be2 Rb8 14. O-O d4
15. Nxd4 Bxg2 16. Kxg2 Rxb2 17. Nf5 Nfd7 18. Rb1 Rxb1 19. Qxb1 Bf6 20. Nd5 g6
21. Ng3 Bg7 22. Qb4 a5 23. Qb5 h5 24. Bf3 Re8 25. Rd1 h4 26. Ne2 a4 27. Bg4 Qg5
28. h3 f5 29. f4 Qd8 30. Bf3 Qb8 31. Qc4 Kh7 32. Qb4 Qxb4 33. axb4 Na6 34. Nec3
a3 35. Na2 Rc8 36. Rd2 Nab8 37. Kf2 Kh6 38. e4 fxe4 39. Bxe4 Re8 40. Kf3 Nf8
41. b5 Nbd7 42. Ndb4 Nb6 43. Rg2 Rd8 44. Ke2 Nc4 45. Bd3 Nb2 46. Rg4 Bf6 47.
Be4 1-0

[Event "15PCR_PF5"]
[Site "?"]
[Date "2004.??.??"]
[Round "?"]
[White "Necesany, Zdenek"]
[Black "Trs, Jan"]
[Result "1/2-1/2"]
[WhiteElo "2208"]
[BlackElo "2145"]
[PlyCount "159"]
[EventDate "2004.??.??"]
[SourceDate "2005.03.08"]

1. d4 Nf6 2. c4 e6 3. Nc3 Bb4 4. Nf3 c5 5. g3 cxd4 6. Nxd4 O-O 7. Bg2 d5 8. Qb3
Bxc3+ 9. Qxc3 e5 10. Nb3 d4 11. Qa5 Qe7 12. Bd2 Re8 13. O-O b6 14. Qa3 Bb7 15.
Qxe7 Rxe7 16. Bg5 Bxg2 17. Kxg2 Nbd7 18. a4 h6 19. Bxf6 Nxf6 20. a5 Rb8 21.
axb6 Rxb6 22. Ra3 Rc7 23. c5 Rb5 24. Rc1 Ne4 25. Kf3 f5 26. Kg2 Kf7 27. c6 Ke6
28. f3 Nd6 29. Nc5+ Kd5 30. Na6 Rc8 31. b3 f4 32. gxf4 exf4 33. Kf2 Nf5 34. Rc4
Kd6 35. c7 h5 36. Rca4 Rb6 37. Ra5 g6 38. Nc5 Rxc7 39. Nd3 Rcb7 40. Nxf4 Rxb3
41. Rxa7 Rxa3 42. Rxa3 g5 43. Nxh5 Ne3 44. Ra4 Ke5 45. Ra5+ Nd5 46. Nf6 Kxf6
47. Rxd5 Rb4 48. Ke1 Rb1+ 49. Kd2 Rh1 50. Rxd4 Rxh2 51. Ke3 Ke5 52. Rc4 Ke6 53.
Kd3 Rf2 54. Rb4 Kf5 55. Rb5+ Kf6 56. Ra5 Rf1 57. Ke4 Re1 58. Ra6+ Kg7 59. e3
Kf7 60. Rh6 Kg7 61. Re6 Rf1 62. Rd6 Re1 63. Ra6 Kf7 64. Rh6 Kg7 65. Rh2 Kf6 66.
Rg2 Ra1 67. Kd3 Rf1 68. Ke2 Rb1 69. Kf2 Rb3 70. Rg1 Rb2+ 71. Kg3 Rb3 72. Re1
Kg6 73. Kf2 Rb2+ 74. Re2 Rb4 75. Rd2 Rb1 76. Rd5 Rb3 77. Rd1 Ra3 78. Re1 Kf6
79. Kg3 Kg6 80. Kg4 1/2-1/2

[Event "15PCR_PF5"]
[Site "?"]
[Date "2004.??.??"]
[Round "?"]
[White "Rychtecky, Pavel"]
[Black "Jakimic, Viktor"]
[Result "0-1"]
[WhiteElo "2201"]
[BlackElo "2110"]
[PlyCount "92"]
[EventDate "2004.??.??"]
[SourceDate "2005.03.08"]

1. e4 c5 2. Nf3 Nc6 3. d4 cxd4 4. Nxd4 g6 5. c4 Bg7 6. Be3 Nf6 7. Nc3 O-O 8.
Be2 d6 9. O-O Bd7 10. Qd2 Nxd4 11. Bxd4 Bc6 12. f3 a5 13. b3 Rb8 14. Nd5 Nxd5
15. cxd5 Bxd4+ 16. Qxd4 e5 17. Qa7 Bd7 18. Rac1 f5 19. a3 Rf7 20. Rc2 Rc8 21.
Rxc8 Bxc8 22. Rc1 Bd7 23. Qe3 fxe4 24. fxe4 b5 25. Bd3 Kg7 26. Rf1 Qc7 27. Rc1
Qd8 28. h3 Qb8 29. b4 axb4 30. axb4 Qa8 31. Kh2 Qa3 32. Qd2 h5 33. Rc2 Qa7 34.
Be2 Rf4 35. Bf3 h4 36. Qc3 Kf8 37. Qd2 Kg7 38. Ra2 Qb6 39. Qc1 Kh6 40. Qc3 Kg7
41. Rc2 Rf7 42. Qd3 Rf8 43. Ra2 Rf7 44. Qe2 Rf4 45. Ra3 Qd4 46. Qe1 Qb6 0-1

[Event "15PCR_PF5"]
[Site "?"]
[Date "2004.??.??"]
[Round "?"]
[White "Rychtecky, Pavel"]
[Black "Postl, Rostislav"]
[Result "0-1"]
[WhiteElo "2201"]
[BlackElo "2309"]
[PlyCount "120"]
[EventDate "2004.??.??"]
[SourceDate "2005.03.08"]

1. e4 c5 2. Nf3 Nc6 3. d4 cxd4 4. Nxd4 Nf6 5. Nc3 e5 6. Ndb5 d6 7. Bg5 a6 8.
Na3 Be7 9. Bxf6 Bxf6 10. Nd5 O-O 11. Nc4 Bg5 12. h4 Bh6 13. g4 Bf4 14. c3 Be6
15. a4 b5 16. Nxd6 Bxd5 17. Qxd5 Ne7 18. Qc5 Rc8 19. Qa3 Bd2+ 20. Kxd2 Rc6 21.
axb5 axb5 22. Ke1 Rxd6 23. Bxb5 Ng6 24. Rh2 Nf4 25. Qa7 Rd2 26. b3 Rb2 27. Qd7
Qb8 28. Bc4 Rd8 29. Qc6 Rc2 30. Rd1 h5 31. Qc5 Ra2 32. Qe7 Rxd1+ 33. Kxd1 Kh7
34. Qxf7 Ra7 35. Qf5+ g6 36. Qf6 Qa8 37. Qxe5 Rd7+ 38. Kc1 Qa1+ 39. Kc2 Qa2+
40. Kc1 Qd2+ 41. Kb1 Ne2 42. Bxe2 Qe1+ 43. Kb2 Qxe2+ 44. Ka3 Ra7+ 45. Kb4 Rb7+
46. Kc5 Rb5+ 47. Kd6 Rxe5 48. Kxe5 hxg4 49. Rg2 Kg7 50. b4 Qf3 51. Rg1 Qxc3+
52. Ke6 Qc8+ 53. Kd5 Qd8+ 54. Kc6 Qxh4 55. Rg2 Qf6+ 56. Kd5 Qf7+ 57. Ke5 Qf3
58. Rg3 Qxf2 59. Rxg4 Qf6+ 60. Kd5 Qd8+ 0-1

[Event "15PCR_PF5"]
[Site "?"]
[Date "2004.??.??"]
[Round "?"]
[White "Postl, Rostislav"]
[Black "Rychtecky, Pavel"]
[Result "0-1"]
[WhiteElo "2309"]
[BlackElo "2201"]
[PlyCount "118"]
[EventDate "2004.??.??"]
[SourceDate "2005.03.08"]

1. e4 e5 2. Nf3 Nc6 3. Bb5 a6 4. Bxc6 dxc6 5. O-O f6 6. d3 Bd6 7. Nh4 Be6 8.
Qh5+ g6 9. Qe2 Qd7 10. Nf3 O-O-O 11. Nbd2 h5 12. Nc4 h4 13. Nxd6+ cxd6 14. Bd2
Ne7 15. Qe3 Qc7 16. d4 g5 17. dxe5 dxe5 18. Ne1 Ng6 19. b3 Nf4 20. Nd3 Kb8 21.
Bc3 Rhg8 22. Rad1 Rg7 23. Rd2 Rgd7 24. Rfd1 b6 25. a4 Nxd3 26. cxd3 h3 27. g3
c5 28. b4 Bb3 29. Rc1 Bxa4 30. bxc5 Qxc5 31. Bxe5+ Qxe5 32. Qxb6+ Ka8 33. Qxa6+
Ra7 34. Qb6 Qd6 35. Qb1 f5 36. Rc3 fxe4 37. Qc1 Kb8 38. Rc4 Bb5 39. Rxe4 Qc6
40. Qb2 Rc7 41. f3 Qc5+ 42. d4 Qc1+ 43. Qxc1 Rxc1+ 44. Kf2 Rf1+ 45. Ke3 Bc6 46.
d5 Rxd5 47. Rxd5 Bxd5 48. Re5 Rxf3+ 49. Ke2 Bb7 50. g4 Rf4 51. Rxg5 Bf3+ 52.
Kf2 Rxg4 53. Rh5 Bg2 54. Rh8+ Kc7 55. Rh7+ Kd6 56. Rh8 Rg7 57. Rd8+ Ke5 58. Rh8
Ke4 59. Rc8 Kd4 0-1

[Event "15PCR_PF5"]
[Site "?"]
[Date "2004.??.??"]
[Round "?"]
[White "Rychtecky, Pavel"]
[Black "Necesany, Zdenek"]
[Result "1/2-1/2"]
[WhiteElo "2201"]
[BlackElo "2208"]
[PlyCount "116"]
[EventDate "2004.??.??"]
[SourceDate "2005.03.08"]

1. e4 c5 2. Nf3 Nc6 3. d4 cxd4 4. Nxd4 Nf6 5. Nc3 e5 6. Ndb5 d6 7. Bg5 a6 8.
Na3 b5 9. Bxf6 gxf6 10. Nd5 f5 11. c3 Bg7 12. exf5 Bxf5 13. Nc2 O-O 14. Nce3
Be6 15. Bd3 f5 16. O-O e4 17. Nf4 Bf7 18. Bc2 Be5 19. g3 Bxf4 20. gxf4 d5 21.
Bb3 Qh4 22. f3 Kh8 23. fxe4 fxe4 24. Kh1 Qh3 25. Qd2 Rad8 26. Rae1 Bh5 27. Bd1
Bf3+ 28. Bxf3 exf3 29. Rg1 Qh6 30. Rg4 d4 31. cxd4 Nxd4 32. Rd1 Qc6 33. f5 Ne6
34. Rc1 Rxd2 35. Rxc6 Nd4 36. Rd6 Rc8 37. Nf1 Rd1 38. Rdxd4 Rxf1+ 39. Rg1 Rf2
40. b4 Rxa2 41. f6 Rb2 42. Rdg4 f2 43. Rf1 h5 44. Rg2 Rxb4 45. Rgxf2 Kg8 46.
Ra2 Ra8 47. Re2 Rd4 48. Re5 h4 49. Rg5+ Kf7 50. Rg7+ Ke6 51. f7 Rdd8 52. Rg4
Ke7 53. Rxh4 a5 54. Re1+ Kxf7 55. Rf4+ Kg6 56. Rg1+ Kh5 57. Rf5+ Kh6 58. Rxb5
Rd7 1/2-1/2

[Event "15PCR_PF5"]
[Site "?"]
[Date "2004.??.??"]
[Round "?"]
[White "Necesany, Zdenek"]
[Black "Rychtecky, Pavel"]
[Result "0-1"]
[WhiteElo "2208"]
[BlackElo "2201"]
[PlyCount "114"]
[EventDate "2004.??.??"]
[SourceDate "2005.03.08"]

1. e4 c6 2. d4 d5 3. e5 Bf5 4. Nf3 e6 5. Be2 Nd7 6. O-O h6 7. b3 Ne7 8. c4 Ng6
9. h3 Be7 10. cxd5 cxd5 11. Bd3 Bxd3 12. Qxd3 O-O 13. Bd2 Qb6 14. Nc3 a6 15. a4
Rac8 16. a5 Qd8 17. Na4 Rc6 18. Nh2 Nb8 19. f4 Nh4 20. g3 Nf5 21. g4 Nh4 22. f5
Nd7 23. b4 f6 24. fxe6 Rxe6 25. Qb3 Kh8 26. Be1 fxe5 27. Bxh4 Bxh4 28. Qxd5
Ref6 29. dxe5 Rxf1+ 30. Rxf1 Rxf1+ 31. Nxf1 Qf8 32. Qd4 Nxe5 33. Qxe5 Qf2+ 34.
Kh1 Qf3+ 35. Kg1 Qf2+ 36. Kh1 Qxf1+ 37. Kh2 Qf2+ 38. Kh1 Qf3+ 39. Kh2 Bg5 40.
Qf5 Qe2+ 41. Kg3 Qe1+ 42. Kf3 Qf1+ 43. Ke4 Qc4+ 44. Kf3 Qb3+ 45. Kf2 Bh4+ 46.
Kg2 Qa2+ 47. Kf1 Qxa4 48. Qf8+ Kh7 49. Qf5+ Kg8 50. Qc8+ Kf7 51. Qxb7+ Be7 52.
Qd5+ Kf8 53. Qf5+ Bf6 54. Qc5+ Ke8 55. Qc8+ Ke7 56. Qc5+ Kd7 57. Qa7+ Ke8 0-1

[Event "15PCR_PF5"]
[Site "?"]
[Date "2004.??.??"]
[Round "?"]
[White "Rychtecky, Pavel"]
[Black "Trs, Jan"]
[Result "1/2-1/2"]
[WhiteElo "2201"]
[BlackElo "2145"]
[PlyCount "99"]
[EventDate "2004.??.??"]
[SourceDate "2005.03.08"]

1. d4 Nf6 2. c4 e6 3. Nc3 Bb4 4. e3 O-O 5. Bd3 d5 6. Nf3 c5 7. O-O Nc6 8. a3
Bxc3 9. bxc3 Qc7 10. cxd5 exd5 11. dxc5 Bg4 12. Rb1 Rfd8 13. h3 Bh5 14. g4 Bg6
15. Bxg6 hxg6 16. c4 dxc4 17. Qc2 Qe7 18. Qxc4 Ne4 19. Bb2 Nxc5 20. Rfd1 Rac8
21. Kg2 a6 22. a4 Ne6 23. Rbc1 Rxd1 24. Rxd1 Qe8 25. Rc1 Na7 26. Qb4 Rxc1 27.
Bxc1 Qc6 28. Bb2 b5 29. axb5 Nxb5 30. Be5 Ng5 31. Qf4 f6 32. Ba1 Ne4 33. h4 g5
34. hxg5 Nxg5 35. Kg3 Ne4+ 36. Kg2 Nbd6 37. Ng1 a5 38. Qf3 a4 39. Qe2 Nc5+ 40.
f3 Nb3 41. Bb2 Nc4 42. Bc3 a3 43. Kf2 Nc1 44. Qc2 Ne5 45. Qd2 a2 46. Ba1 Qb5
47. Kg2 Qb1 48. Bxe5 fxe5 49. Qd5+ Kh7 50. Qxe5 1/2-1/2

[Event "15PCR_PF5"]
[Site "?"]
[Date "2004.??.??"]
[Round "?"]
[White "Trs, Jan"]
[Black "Rychtecky, Pavel"]
[Result "1/2-1/2"]
[WhiteElo "2145"]
[BlackElo "2201"]
[PlyCount "99"]
[EventDate "2004.??.??"]
[SourceDate "2005.03.08"]

1. e4 c5 2. Nf3 Nc6 3. d4 cxd4 4. Nxd4 Nf6 5. Nc3 e5 6. Ndb5 d6 7. Bg5 a6 8.
Na3 b5 9. Nd5 Be7 10. Bxf6 Bxf6 11. c3 O-O 12. Nc2 Rb8 13. h4 Be7 14. Nce3 a5
15. a4 b4 16. Bb5 Na7 17. cxb4 Nxb5 18. axb5 axb4 19. Ra7 Bf6 20. b6 Be6 21.
Ra4 Qc8 22. Nxf6+ gxf6 23. O-O Rxb6 24. Qf3 Qd7 25. Rfa1 Kg7 26. h5 h6 27. Ra7
Rb7 28. R7a6 Rfb8 29. Kh2 Rc7 30. R6a5 Rbc8 31. R5a4 b3 32. Ra6 Rc6 33. R6a3
Rc5 34. Rxb3 f5 35. Nxf5+ Bxf5 36. exf5 Qd8 37. Rb4 Rc4 38. Qg3+ Kf8 39. Raa4
Rxb4 40. Rxb4 Qf6 41. Qd3 Rd8 42. Rg4 d5 43. Kg1 e4 44. Qg3 Ke7 45. Qa3+ Rd6
46. Rg8 Qxf5 47. Qa8 Kf6 48. Qf8 Ke5 49. Qb8 Qd7 50. Qb3 1/2-1/2